Čínská hypermoderní byrokracie

Pohľad na čínsku transformáciu socializmu k autoritatívnemu systému s trhovou ekonomikou. Čínsky model trhového hospodárstva. Stručná charakteristika čínskej ekonomiky a jej transformačného procesu. Čína ako autoritatívna monarchia. Ruská politika voči Číne. Významné faktory, ktoré utužujú rusko-čín...

Ausführliche Beschreibung

Gespeichert in:
Bibliographische Detailangaben
Format: Buchkapitel
Sprache:Tschechisch
Schlagworte:
Tags: Tag hinzufügen
Keine Tags, Fügen Sie das erste Tag hinzu!

MARC

LEADER 00000naa a2200000 4500
001 r049382
005 20231004105515.5
041 0 |a cze 
044 |a CZ 
245 1 0 |a Čínská hypermoderní byrokracie 
520 |a Pohľad na čínsku transformáciu socializmu k autoritatívnemu systému s trhovou ekonomikou. Čínsky model trhového hospodárstva. Stručná charakteristika čínskej ekonomiky a jej transformačného procesu. Čína ako autoritatívna monarchia. Ruská politika voči Číne. Významné faktory, ktoré utužujú rusko-čínske vzťahy. 
610 2 0 |a Čína 
610 2 0 |a politika medzinárodná 
610 2 0 |a situácia hospodárska 
610 2 0 |a transformácia 
610 2 0 |a reformy hospodárske 
610 2 0 |a byrokracia 
610 2 0 |a systémy politické 
610 2 0 |a história 
610 2 0 |a hospodárstvo trhové 
610 2 0 |a Rusko